Phân tích các yếu tố ảnh hưởng đến mức độ hài lòng của doanh nghiệp khi thực hiện khai báo hải quan điện tử tại Cục Hải Quan thành phố Cần Thơ : Luận văn thạc sĩ . Ngành Quản trị kinh doanh

Đánh giá thực trạng qua hơn hai năm thực hiện thí điểm việc khai báo thủ tục HQĐT và đi vào triển khai tại cục HQ TPCT ; Phân tích các yếu tố ảnh hưởng đến mức độ hài lòng của các DN khi thực hiện khai báo HQĐT tại cục HQ TPCT. Thông qua đó, đê...

全面介紹

Đã lưu trong:
書目詳細資料
主要作者: Nguyễn, Thị Thái Bình
格式: 圖書
語言:Undetermined
出版: Cần Thơ Đại học Cần Thơ 2013
主題:
標簽: 添加標簽
沒有標簽, 成為第一個標記此記錄!
Thư viện lưu trữ: Trung tâm Học liệu Trường Đại học Cần Thơ
LEADER 01552nam a2200217Ia 4500
001 CTU_184385
008 210402s9999 xx 000 0 und d
082 |a 352.448 
082 |b B312 
088 |a 62340102 
100 |a Nguyễn, Thị Thái Bình 
245 0 |a Phân tích các yếu tố ảnh hưởng đến mức độ hài lòng của doanh nghiệp khi thực hiện khai báo hải quan điện tử tại Cục Hải Quan thành phố Cần Thơ : 
245 0 |b Luận văn thạc sĩ . Ngành Quản trị kinh doanh 
245 0 |c Nguyễn Thị Thái Bình ; Nguyễn Ngọc Minh 
260 |a Cần Thơ 
260 |b Đại học Cần Thơ 
260 |c 2013 
520 |a Đánh giá thực trạng qua hơn hai năm thực hiện thí điểm việc khai báo thủ tục HQĐT và đi vào triển khai tại cục HQ TPCT ; Phân tích các yếu tố ảnh hưởng đến mức độ hài lòng của các DN khi thực hiện khai báo HQĐT tại cục HQ TPCT. Thông qua đó, đề xuất một số giải pháp chủ yếu nhằm nâng cao mức độ hài lòng của các DN khi thực hiện khai báo HQĐT tại cục HQ TPCT, giúp nâng cao chất luợng phục vụ của đội ngũ CBCC tại cục HQ TPCT 
650 |a Quản lý hoạt động hải quan,Customs administration 
904 |i Thu Lài 
980 |a Trung tâm Học liệu Trường Đại học Cần Thơ